Grant
In this comprehensive biography, Jean Edward Smith reconciles these conflicting assessments of Grant's life. He argues convincingly that Grant is greatly underrated as a president. Following the turmoil of Andrew Johnson's administration, Grant guided the nation through the post-Civil War...
Đã lưu trong:
| Príomhúdar: | |
|---|---|
| Formáid: | Leabhar |
| Teanga: | Undetermined |
| Foilsithe: |
New York
Simon and Schuster
2001
|
| Ábhair: | |
| Clibeanna: |
Cuir Clib Leis
Gan Chlibeanna, Bí ar an gcéad duine leis an taifead seo a chlibeáil!
|
| Thư viện lưu trữ: | Trung tâm Học liệu Trường Đại học Cần Thơ |
|---|
| LEADER | 01079nam a2200229Ia 4500 | ||
|---|---|---|---|
| 001 | CTU_220217 | ||
| 008 | 210402s9999 xx 000 0 und d | ||
| 020 | |c 32 | ||
| 082 | |a 973.82029 | ||
| 082 | |b S651 | ||
| 100 | |a Smith, Jean Edward | ||
| 245 | 0 | |a Grant | |
| 245 | 0 | |c Jean Edward Smith | |
| 260 | |a New York | ||
| 260 | |b Simon and Schuster | ||
| 260 | |c 2001 | ||
| 520 | |a In this comprehensive biography, Jean Edward Smith reconciles these conflicting assessments of Grant's life. He argues convincingly that Grant is greatly underrated as a president. Following the turmoil of Andrew Johnson's administration, Grant guided the nation through the post-Civil War era, overseeing Reconstruction in the South and enforcing the freedoms of new African-American citizens | ||
| 650 | |a Grant, Ulysses Simpson,Ulysses Simpson Grant,United States,Hoa Kỳ | ||
| 650 | |x History,Campaigns,Lịch sử,Các trận đánh | ||
| 650 | |y Civil War, 1861-1865,Nội chiến, 1861-1865 | ||
| 904 | |i Nguyên | ||
| 980 | |a Trung tâm Học liệu Trường Đại học Cần Thơ | ||